[Event "Roncana op-A 8th"]
[Site "Santa Eulalia de Roncana"]
[Date "2014.11.22"]
[Round "6"]
[White "Costa Trave, Jaume"]
[Black "Climent Barbera, Miquel"]
[Result "0-1"]
[WhiteElo "2133"]
[BlackElo "1875"]
[PlyCount "50"]
[EventDate "2014.10.11"]
[EventType "swiss"]
[EventRounds "8"]
[EventCountry "ESP"]
[SourceTitle "CBM 163 Extra"]
[Source "ChessBase"]
[SourceDate "2014.12.23"]
[SourceVersion "1"]
[SourceVersionDate "2014.12.23"]
[SourceQuality "1"]

1. f4 d5 2. Nf3 g6 3. e3 Bg7 4. d4 Nf6 5. Nbd2 0-0 6. Bd3 Bg4 7. c3 c6 8. 0-0 Nbd7 9. Qc2 e6 10. Ne5 Bf5 11. e4 dxe4 12. Nxe4 Bxe4 13. Bxe4 Nxe4 14. Qxe4 Nb6 15. b3 Qc7 16. Ba3 Rfe8 17. c4 Rad8 18. Rad1 Nd7 19. Rf2 Nxe5 20. fxe5 Bxe5 21. h3 Bg7 22. Rdf1 Bxd4 23. Bb2 Bxf2+ 24. Rxf2 Rd1+ 25. Rf1 Qb6+ 0-1

[Event "Roncana op-A 8th"]
[Site "Santa Eulalia de Roncana"]
[Date "2014.11.08"]
[Round "4"]
[White "Cordomi Fons, Francesco"]
[Black "Climent Barbera, Miquel"]
[Result "1-0"]
[WhiteElo "2004"]
[BlackElo "1875"]
[PlyCount "43"]
[EventDate "2014.10.11"]
[EventType "swiss"]
[EventRounds "8"]
[EventCountry "ESP"]
[SourceTitle "CBM 163 Extra"]
[Source "ChessBase"]
[SourceDate "2014.12.23"]
[SourceVersion "1"]
[SourceVersionDate "2014.12.23"]
[SourceQuality "1"]

1. e4 c5 2. Nf3 d6 3. d4 cxd4 4. Nxd4 Nf6 5. Nc3 Nc6 6. Be2 e6 7. Be3 a6 8. 0-0 Be7 9. Qd2 0-0 10. f4 Qc7 11. g4 Nxd4 12. Qxd4 e5 13. Qd1 h6 14. g5 hxg5 15. fxg5 Nh7 16. Nd5 Qd8 17. Bb6 Qd7 18. g6 fxg6 19. Rxf8+ Kxf8 20. Qf1+ Nf6 21. Kh1 Qh3 22. Nc7 1-0

[Event "Roncana op-B 7th"]
[Site "Santa Eulalia de Roncana"]
[Date "2013.11.23"]
[Round "7"]
[White "Climent Barbera, Miquel"]
[Black "Flores Munoz, Daniel"]
[Result "1-0"]
[WhiteElo "1677"]
[BlackElo "1699"]
[PlyCount "105"]
[EventDate "2013.10.05"]
[EventType "swiss"]
[EventRounds "8"]
[EventCountry "ESP"]
[SourceTitle "EXT 2015"]
[Source "ChessBase"]
[SourceDate "2014.11.20"]
[SourceVersion "1"]
[SourceVersionDate "2014.11.20"]
[SourceQuality "1"]

1. d4 d5 2. Bf4 e6 3. e3 Bd6 4. Bxd6 Qxd6 5. c3 Nf6 6. Nf3 Nbd7 7. Bd3 e5 8. dxe5 Nxe5 9. Nxe5 Qxe5 10. Qe2 0-0 11. h3 Re8 12. Nd2 Bf5 13. Nf3 Bxd3 14. Qxd3 Qe7 15. 0-0 c6 16. Rad1 Rad8 17. Rfe1 Ne4 18. Nd2 Qf6 19. Nxe4 dxe4 20. Qe2 Qe6 21. a3 g6 22. Kh2 Qe5+ 23. Kg1 Qf6 24. Qc2 Qe6 25. Qe2 a6 26. Qc2 c5 27. c4 Qc6 28. Re2 Rxd1+ 29. Qxd1 Qe6 30. b3 Qb6 31. Rd2 Qa5 32. Rd7 Qxa3 33. Qd5 Qa1+ 34. Kh2 Qe5+ 35. Qxe5 Rxe5 36. Rxb7 Re6 37. Kg3 Rc6 38. Kf4 f5 39. Ke5 a5 40. Rb5 Kg7 41. Rxa5 Rb6 42. Rb5 Rc6 43. Kd5 Rc7 44. Kd6 Rf7 45. Rxc5 f4 46. Rc7 g5 47. Rxf7+ Kxf7 48. c5 h5 49. Ke5 f3 50. gxf3 exf3 51. Kf5 g4 52. Kf4 Kf6 53. hxg4 1-0